[Event "ARA Cto de Aragon por Equipos Division de Honor Global"]
[Site "Aragon"]
[Date "2021.05.15"]
[Round "8.8"]
[White "Fontana Sotomayor, Luis Javier"]
[Black "Galstyan, David"]
[Result "1-0"]
[WhiteElo "2271"]
[BlackElo "1816"]
[PlyCount "0"]
[WhiteTeam "Jaime Casas"]
[BlackTeam "El Olivar"]
[EventDate "2021.03.13"]

1. d4 d5 2. Nf3 Nf6 3. e3 e6 4. Bd3 c5 5. c3 Nc6 6. Nbd2 Be7 7. O-O O-O 8. dxc5
Bxc5 9. e4 dxe4 10. Nxe4 Nxe4 11. Bxe4 Qxd1 12. Rxd1 Rd8 13. Bf4 Bb6 14. b4 Bd7
15. a4 Be8 16. a5 Rxd1+ 17. Rxd1 Bd8 18. a6 bxa6 19. Nd4 Rc8 20. Bxc6 Bxc6 21.
Nxc6 Bf6 22. Rd6 Kf8 23. c4 Be7 24. Nxe7 Kxe7 25. c5 a5 26. Ra6 axb4 27. Bd6+
Kf6 28. Rxa7 Rc6 29. g3 e5 30. Rb7 Ke6 31. Rxb4 1-0

[Event "ARA Cto de Aragon por Equipos Division de Honor Global"]
[Site "Aragon"]
[Date "2021.05.15"]
[Round "8.9"]
[White "Sacristan Latorre, Alberto"]
[Black "Ruperez Benito, Antonio"]
[Result "0-1"]
[WhiteElo "2114"]
[BlackElo "2363"]
[PlyCount "0"]
[WhiteTeam "Palacio de Pioneros B"]
[BlackTeam "Palacio de Pioneros A"]
[EventDate "2021.03.13"]

1. e4 e6 2. c4 d5 3. exd5 exd5 4. cxd5 Nf6 5. Bb5+ Nbd7 6. Nc3 Be7 7. Nf3 O-O
8. O-O Nb6 9. d4 Nbxd5 10. Ne5 Be6 11. Re1 c5 12. Nxd5 Nxd5 13. dxc5 Bxc5 14.
Qe2 Rc8 15. a3 Rc7 16. Bd3 Qf6 17. Bd2 Rd8 18. Rac1 Nf4 19. Bxf4 Qxf4 20. g3
Qf6 21. Rc2 Bb6 22. Rxc7 Bxc7 23. Bxh7+ Kxh7 24. Qc2+ Qf5 25. Qxc7 Rd2 26. Qc5
f6 27. Qe3 Rxb2 28. Qd4 Rb1 29. Nd3 Rxe1+ 30. Nxe1 Bd5 31. Qe3 a5 32. f3 b5 33.
g4 Qb1 34. Qe8 Bc6 35. Qe6 Bxf3 36. Kf2 Be4 37. Qe8 Bg6 38. Qe3 b4 39. axb4
axb4 40. h4 Qb2+ {El blanco pierde por tiempo} 0-1

[Event "ARA Cto de Aragon por Equipos Division de Honor Global"]
[Site "Aragon"]
[Date "2021.05.15"]
[Round "8.10"]
[White "Palacios Herrero, Pablo"]
[Black "Colom Sienes, Eduardo"]
[Result "1-0"]
[WhiteElo "2243"]
[BlackElo "2094"]
[PlyCount "0"]
[WhiteTeam "Palacio de Pioneros A"]
[BlackTeam "Palacio de Pioneros B"]
[EventDate "2021.03.13"]

1. e4 e6 2. d4 d5 3. e5 c5 4. c3 Nc6 5. Nf3 Qb6 6. a3 Nh6 7. b4 cxd4 8. b5 Na5
9. Bxh6 gxh6 10. cxd4 Bd7 11. Nbd2 Rc8 12. a4 Bb4 13. Rb1 Bc3 14. Bd3 Bxd4 15.
O-O Rc3 16. Qe2 O-O 17. Rb4 Nc6 18. a5 Bxf2+ 19. Rxf2 Qxf2+ 20. Qxf2 Nxb4 21.
Bf1 f6 22. Qd4 Na2 23. exf6 Be8 24. Qg4+ Bg6 25. Qxe6+ Rf7 26. Ne5 Re3 27. Qxd5
Nb4 28. Qd8+ Rf8 29. Bc4+ 1-0

[Event "ARA Cto de Aragon por Equipos Division de Honor Global"]
[Site "Aragon"]
[Date "2021.05.15"]
[Round "8.11"]
[White "Gomez Salinas, Nestor"]
[Black "Romero Pallares, Daniel"]
[Result "1-0"]
[WhiteElo "2021"]
[BlackElo "2203"]
[PlyCount "0"]
[WhiteTeam "Palacio de Pioneros B"]
[BlackTeam "Palacio de Pioneros A"]
[EventDate "2021.03.13"]

1. e4 g6 2. d4 Bg7 3. Nf3 c6 4. c4 d6 5. h3 e5 6. dxe5 dxe5 7. Qxd8+ Kxd8 8.
Nc3 f6 9. Be3 Be6 10. c5 Nd7 11. b4 a5 12. b5 a4 13. Rd1 Kc7 14. Nd2 Bf8 15.
Nc4 Bxc4 16. b6+ Kd8 17. Bxc4 Ke8 18. Nb5 cxb5 19. Bxb5 Rd8 20. c6 bxc6 21.
Bxc6 Bb4+ 22. Ke2 Ne7 23. Bxa4 Nc8 24. Rxd7 Nxb6 25. Bxb6 Rxd7 26. Rd1 1-0

[Event "ARA Cto de Aragon por Equipos Division de Honor Global"]
[Site "Aragon"]
[Date "2021.05.15"]
[Round "8.12"]
[White "Baquedano Coarasa, Pablo"]
[Black "Castillo Sanjuan, Daniel"]
[Result "0-1"]
[WhiteElo "2165"]
[BlackElo "1965"]
[PlyCount "0"]
[WhiteTeam "Palacio de Pioneros A"]
[BlackTeam "Palacio de Pioneros B"]
[EventDate "2021.03.13"]

1. d4 Nf6 2. c4 e6 3. Nc3 Bb4 4. e3 O-O 5. Nge2 Re8 6. a3 Bf8 7. e4 d5 8. e5
Nfd7 9. cxd5 exd5 10. g3 f6 11. Bg2 c6 12. f4 Na6 13. O-O Nc7 14. Be3 b6 15.
Rc1 Bb7 16. Re1 Kh8 17. Qd3 c5 18. exf6 Nxf6 19. dxc5 bxc5 20. Na4 c4 21. Qd2
Qd6 22. Bd4 Ne4 23. Bxe4 Rxe4 24. Be5 Qc6 25. Nac3 Rxe5 26. fxe5 d4 27. Nxd4
Qh1+ 28. Kf2 Qxh2+ 29. Ke3 Qxg3+ 30. Ke2 Qg4+ 31. Ke3 Bc5 32. Rf1 Ne6 33. Ncb5
Qe4+ 34. Kf2 Nxd4 35. Nxd4 Bxd4+ 36. Kg3 Be3 37. Qd6 Qg2+ 38. Kh4 Bg5+ 39. Kh5
g6+ 0-1

[Event "ARA Cto de Aragon por Equipos Division de Honor Global"]
[Site "Aragon"]
[Date "2021.05.15"]
[Round "8.13"]
[White "Fernandez Rubio, Rafael"]
[Black "Lana Rodriguez, David"]
[Result "0-1"]
[WhiteElo "2066"]
[BlackElo "2361"]
[PlyCount "0"]
[WhiteTeam "Tauste"]
[BlackTeam "Agrupacion"]
[EventDate "2021.03.13"]

1. d4 e6 2. c4 Nf6 3. Nc3 Bb4 4. a3 Bxc3+ 5. bxc3 b6 6. f3 Ba6 7. e4 Nc6 8. Bd3

Na5 9. Qe2 c5 10. d5 d6 11. Bf4 Qd7 12. a4 O-O 13. g4 Rae8 14. g5 Nh5 15. Be3

f5 16. gxf6 Rxf6 17. Kf2 Ref8 18. h3 Rg6 19. Rh2 Qe7 20. h4 Qf6 21. Rc1 Qe5 
22.
Ke1 Ng3 23. Qa2 exd5 24. f4 Rxf4 25. Bxf4 Qxf4 26. Qd2 Qxd2+ 27. Rxd2 Nxe4 
28.
Ne2 Nb3 29. Bxe4 dxe4 30. h5 Rg2 31. Rxd6 Bxc4 32. Rc2 e3 
0-1

[Event "ARA Cto de Aragon por Equipos Division de Honor Global"]
[Site "Aragon"]
[Date "2021.05.15"]
[Round "8.14"]
[White "Remiro Juste, Fernando Jose"]
[Black "San Lazaro Lorente, David"]
[Result "1-0"]
[WhiteElo "2199"]
[BlackElo "1798"]
[PlyCount "0"]
[WhiteTeam "Agrupacion"]
[BlackTeam "Tauste"]
[EventDate "2021.03.13"]

1. e4 e5 2. Nf3 Nf6 3. Nxe5 d6 4. Nf3 Nxe4 5. Nc3 Nxc3 6. dxc3 Be6 7. Be3 Be7

8. Qd2 Nc6 9. Nd4 Nxd4 10. Bxd4 O-O 11. O-O-O d5 12. f4 c5 13. Be3 Qa5 14. a3

Rad8 15. Qf2 Bf5 16. Be2 Be4 17. f5 Qa4 18. Bd3 Bxd3 19. Rxd3 Qc6 20. Rhd1 Rd7

21. f6 Qxf6 22. Qxf6 gxf6 23. Rxd5 Rxd5 24. Rxd5 b6 25. Rd7 Re8 26. Bf4 Kg7 
27.
Rxa7 Bd8 28. Ra8 Re4 29. Bd6 Be7 30. Re8 Re6 31. Bxe7 Kg6 32. Rg8+ Kf5 33. Bd8

1-0

[Event "ARA Cto de Aragon por Equipos Division de Honor Global"]
[Site "Aragon"]
[Date "2021.05.15"]
[Round "8.15"]
[White "Liarte Marinoso, Aaron"]
[Black "Moreno Martin-Viveros, Alvaro"]
[Result "0-1"]
[WhiteElo "1670"]
[BlackElo "2151"]
[PlyCount "0"]
[WhiteTeam "Tauste"]
[BlackTeam "Agrupacion"]
[EventDate "2021.03.13"]

1. Nf3 b6 2. c4 Bb7 3. b3 Nf6 4. Bb2 c5 5. g3 e6 6. Bg2 Be7 7. O-O O-O 
8. Re1 
d5 9. e3 Nbd7 10. d4 cxd4 11. Nxd4 Rc8 12. Nc3 Nc5 13. cxd5 Nxd5 
14. Nxd5 Bxd5
 15. Bxd5 Qxd5 16. Qg4 Qe4 17. Qxe4 Nxe4 18. Rac1 Bf6 
19. Ba3 Rfd8 20. Nc6 Re8
 21. Nxa7 Rxc1 22. Rxc1 Nc3 23. Rc2 Ra8 24. Bb2 Rxa7 
25. Bxc3 Rc7 26. Re2 Rxc3

0-1

[Event "ARA Cto de Aragon por Equipos Division de Honor Global"]
[Site "Aragon"]
[Date "2021.05.15"]
[Round "8.17"]
[White "Lopez Gracia, Fernando"]
[Black "Hinojar Basa, Alfonso"]
[Result "1-0"]
[WhiteElo "2299"]
[BlackElo "2163"]
[PlyCount "0"]
[WhiteTeam "Ibercaja"]
[BlackTeam "Marcos Frechin"]
[EventDate "2021.03.13"]


1. e4 c5 2. c3 Nf6 3. e5 Nd5 4. d4 cxd4 5. Nf3 e6 6. cxd4 d6 7. Nc3 Nxc3 8.
bxc3 Qc7 9. Bd2 Nd7 10. Bd3 dxe5 11. O-O Bd6 12. Re1 O-O 13. dxe5 Nxe5 14. Nxe5
Bxe5 15. Bxh7+ Kxh7 16. Qh5+ Kg8 17. Rxe5 f6 18. Re3 e5 19. Rae1 Qd7 20. Qe2
Rd8 21. Bc1 Qg4 22. f3 Qg6 23. f4 exf4 24. Qc4+ Kh7 25. Qxf4 Bd7 26. Rg3 Qf7
27. Qh4+ Kg8 28. Bh6 g6 29. Re7 Bb5 30. Rxf7 Rd1+ 31. Kf2 Rf1+ 32. Ke3 Re8+ 33.
Kd4 Rd1+ 34. Kc5 Re5+ 35. Kb4 Rb1+ 36. Ka3 Kxf7 37. Bf4 Rh5 38. Qg4 Bd3 39.
Qd7+ Kg8 40. Qd8+ Kg7 41. Rxd3 1-0

[Event "ARA Cto de Aragon por Equipos Division de Honor Global"]
[Site "Aragon"]
[Date "2021.05.15"]
[Round "8.18"]
[White "Moya Gimeno, Raul"]
[Black "Villalba Embid, Marcos"]
[Result "0-1"]
[WhiteElo "1870"]
[BlackElo "2020"]
[PlyCount "0"]
[WhiteTeam "Marcos Frechin"]
[BlackTeam "Ibercaja"]
[EventDate "2021.03.13"]

1. e4 c5 2. Nf3 d6 3. d4 cxd4 4. Nxd4 Nf6 5. Nc3 a6 6. Be3 e5 7. Nb3 Be6 8. f3
Be7 9. Qd2 O-O 10. O-O-O Nbd7 11. g4 b5 12. g5 Nh5 13. Rg1 Nb6 14. Qf2 Rb8 15.
Qh4 g6 16. Bh3 Nc4 17. Bf2 Bxh3 18. Qxh3 Nf4 19. Qf1 Bxg5 20. Kb1 Bh4 21. Bg3
Ne3 22. Bxh4 Qxh4 23. Qe1 Qxe1 24. Rdxe1 Nc4 25. Rd1 Rfd8 26. Nd2 Ne3 27. Rde1
d5 28. exd5 Nexd5 29. Nxd5 Rxd5 30. Ne4 Kg7 31. Nc3 Rd2 32. Rxe5 Rxh2 33. Ne4
Rc8 34. c3 Rxb2+ 35. Kxb2 Nd3+ 36. Kc2 Nxe5 37. f4 Nc4 38. Kd3 Rd8+ 39. Ke2 Re8
40. Kd3 Rd8+ 41. Ke2 f5 42. Nc5 Rd2+ 43. Kf3 Rxa2 44. Re1 Nd2+ 45. Ke3 Ne4 46.
Nd7 Nxc3 47. Rc1 b4 48. Nc5 a5 49. Ne6+ Kf6 50. Ng5 h6 51. Nf3 Re2+ 52. Kd3 Re4
53. Rh1 Rxf4 0-1

[Event "ARA Cto de Aragon por Equipos Division de Honor Global"]
[Site "Aragon"]
[Date "2021.05.15"]
[Round "8.19"]
[White "Jimenez Fernandez, Alejandro"]
[Black "Perez Tomas, Juan Manuel"]
[Result "1-0"]
[WhiteElo "1977"]
[BlackElo "1570"]
[PlyCount "0"]
[WhiteTeam "Ibercaja"]
[BlackTeam "Marcos Frechin"]
[EventDate "2021.03.13"]

1. d4 Nf6 2. Nf3 e6 3. c4 c5 4. d5 d6 5. Nc3 Be7 6. g3 Nbd7 7. Bg2 Ne5 8. Nxe5
dxe5 9. dxe6 Bxe6 10. Bxb7 Qxd1+ 11. Nxd1 Rb8 12. Bc6+ Kd8 13. b3 Bh3 14. Ne3
Kc7 15. Bg2 Bxg2 16. Nxg2 h5 17. Bb2 Nd7 18. Ne3 Bd6 19. O-O-O f6 20. Rd2 Nb6
21. Nf5 Bf8 22. Rhd1 g6 23. Nd6 a6 24. Ne4 Be7 25. Ba3 Kc6 26. Nxf6 Rb7 27. Bb2
Nc8 28. Ne4 Re8 29. e3 Bf8 30. Rd5 a5 31. Rxe5 Rxe5 32. Bxe5 a4 33. Kc2 axb3+
34. axb3 Rf7 35. f4 h4 36. gxh4 Rh7 37. Rd8 Nd6 38. Bxd6 Bxd6 39. Rxd6+ Kc7 40.
Rxg6 Rxh4 41. Nxc5 Rxh2+ 42. Kd3 Rh5 43. b4 Rh1 44. b5 Rh5 45. Rg5 1-0

[Event "ARA Cto de Aragon por Equipos Division de Honor Global"]
[Site "Aragon"]
[Date "2021.05.15"]
[Round "8.20"]
[White "Llanes Luno, Ricardo"]
[Black "Arrieta Restrepo, Steven"]
[Result "1-0"]
[WhiteElo "2199"]
[BlackElo "2052"]
[PlyCount "0"]
[WhiteTeam "Delicias"]
[BlackTeam "Monzon"]
[EventDate "2021.03.13"]


1. d4 Nf6 2. Nf3 e6 3. g3 b6 4. Bg2 Bb7 5. O-O c5 6. e3 Be7 7. b3 O-O 8. Bb2
Nc6 9. Nbd2 d5 10. c4 Rc8 11. Ne5 Qc7 12. Rc1 Rfd8 13. Qe2 Qb8 14. Nxc6 Bxc6
15. dxc5 bxc5 16. Rfd1 Qb6 17. Nf3 a5 18. Ne5 Bb7 19. g4 h6 20. h4 Nd7 21. Nxd7
Rxd7 22. g5 hxg5 23. hxg5 Bxg5 24. Qg4 Qd8 25. cxd5 Bxd5 26. Bxd5 exd5 27. f4
Bh6 28. Rd2 Rc6 29. Kf1 Qe7 30. Rcd1 Qxe3 31. f5 Qf4+ 32. Qxf4 Bxf4 33. Rxd5
Rcd6 34. Rxd6 Rxd6 35. Rxd6 Bxd6 36. Bc3 Bc7 37. Ke2 Kh7 38. Kd3 Kh6 39. Kc4 f6
40. Kxc5 Kg5 41. Kc6 Bd8 42. Kd7 Bb6 43. Ke6 Kg4 44. a4 Kf4 45. b4 axb4 46.
Bxb4 Ke4 47. a5 Ba7 48. Bf8 1-0

[Event "ARA Cto de Aragon por Equipos Division de Honor Global"]
[Site "Aragon"]
[Date "2021.05.15"]
[Round "8.21"]
[White "Barranco Mananet, Fernando"]
[Black "Fabre Perez, Jose Maria"]
[Result "0-1"]
[WhiteElo "1969"]
[BlackElo "2059"]
[PlyCount "0"]
[WhiteTeam "Monzon"]
[BlackTeam "Delicias"]
[EventDate "2021.03.13"]

1. e4 c5 2. Nc3 Nc6 3. Bb5 Nd4 4. Nf3 g6 5. O-O a6 6. Bd3 Bg7 7. Nxd4 cxd4 8.
Ne2 d5 9. f3 e5 10. c3 Ne7 11. cxd4 exd4 12. Ng3 O-O 13. Qe2 h5 14. e5 h4 15.
Nh1 Bf5 16. Bxf5 Nxf5 17. d3 Qe7 18. f4 Rac8 19. g4 hxg3 20. Nxg3 Nxg3 21. hxg3
Rc6 22. Qf2 Qe6 23. Bd2 Rc2 24. b3 Rfc8 25. Rfc1 Bf8 26. Qe1 Qg4 27. Rxc2 Rxc2
28. a3 Be7 29. Rc1 Rxc1 30. Bxc1 Qf3 31. Qd2 Qxg3+ 32. Kf1 Qf3+ 33. Kg1 Bh4 34.
a4 Bg3 35. Qc2 Kg7 36. Bb2 Qe3+ 37. Kg2 Bxf4 38. Qf2 Qxf2+ 39. Kxf2 Bxe5 40.
Kf3 f5 41. Ba3 g5 42. Bb2 g4+ 43. Kf2 f4 44. b4 Kg6 45. b5 axb5 46. axb5 Kh5
47. Bc1 Kh4 48. Bd2 Kh3 0-1

[Event "ARA Cto de Aragon por Equipos Division de Honor Global"]
[Site "Aragon"]
[Date "2021.05.15"]
[Round "8.22"]
[White "Roche Simon, Manuel Angel"]
[Black "Garreta Crespo, Blas"]
[Result "0-1"]
[WhiteElo "2046"]
[BlackElo "1767"]
[PlyCount "0"]
[WhiteTeam "Delicias"]
[BlackTeam "Monzon"]
[EventDate "2021.03.13"]

1. e4 d5 2. exd5 Qxd5 3. Nc3 Qd6 4. d4 Nf6 5. Nf3 Bg4 6. Bd3 a6 7. Ne4 Nxe4 8.
Bxe4 Nc6 9. c3 f5 10. Bc2 Qd5 11. Bf4 O-O-O 12. O-O g5 13. Be5 Nxe5 14. dxe5
Qc5 15. Qc1 Bxf3 16. gxf3 f4 17. Bf5+ Kb8 18. Re1 Bg7 19. b4 Qd5 20. Qc2 Qxf3
21. b5 a5 22. c4 Rd4 23. Rac1 Rhd8 24. Qe2 Qa3 25. Rc2 h6 26. Bg4 Qb4 27. Bf3
e6 28. h3 a4 29. Kg2 a3 30. Rec1 Qc5 31. Re1 Bf8 32. Rb1 Qb6 33. Re1 Bb4 34.
Rf1 Rd2 35. Qe4 Rxc2 36. Qxc2 Rd2 37. Qb3 Bc5 38. Kh1 Bxf2 39. Qxa3 Bc5 40. Qc3
Rxa2 41. Rd1 Be7 42. Rd2 Rxd2 43. Qxd2 Qe3 44. Qe2 Qc1+ 45. Kg2 Bc5 46. Qf1
Qb2+ 47. Qe2 Qd4 48. h4 Qg1+ 49. Kh3 Qg3# 0-1

[Event "ARA Cto de Aragon por Equipos Division de Honor Global"]
[Site "Aragon"]
[Date "2021.05.15"]
[Round "8.23"]
[White "Garreta Nieto, Maria"]
[Black "Llanes Luno, Pedro Alfredo"]
[Result "0-1"]
[WhiteElo "1759"]
[BlackElo "2005"]
[PlyCount "0"]
[WhiteTeam "Monzon"]
[BlackTeam "Delicias"]
[EventDate "2021.03.13"]

1. e4 c5 2. Nf3 Nc6 3. Bb5 g6 4. Bxc6 dxc6 5. d3 Bg7 6. O-O Nf6 7. Re1 O-O 8.
Nc3 b6 9. a4 Re8 10. Bg5 e5 11. Qd2 Qd6 12. h3 Ba6 13. b3 Nd7 14. h4 f6 15. Bh6
Nf8 16. Nh2 Bc8 17. Ne2 Be6 18. Bxg7 Kxg7 19. f4 Nd7 20. Rf1 exf4 21. Nxf4 Ne5
22. Nxe6+ Rxe6 23. Qf4 h5 24. Kh1 Rf8 25. Rf2 f5 26. Raf1 Ref6 27. exf5 Rxf5
28. Qe3 Qd4 29. Qxd4 cxd4 30. Rxf5 Rxf5 31. Rxf5 gxf5 32. Nf3 Nxf3 33. gxf3 Kf6
34. f4 a5 35. Kg2 Ke6 36. Kf2 Kd5 37. Ke2 Kc5 38. Kd1 b5 39. axb5 cxb5 40. Kc1
Kb4 41. Kb2 a4 42. bxa4 bxa4 43. c3+ dxc3+ 44. Kc2 a3 45. Kb1 Kc5 0-1

[Event "ARA Cto de Aragon por Equipos Division de Honor Global"]
[Site "Aragon"]
[Date "2021.05.15"]
[Round "8.25"]
[White "Calvo Simon, Jorge"]
[Black "Ibanez Vidal, Javier"]
[Result "1-0"]
[WhiteElo "2188"]
[BlackElo "1630"]
[PlyCount "0"]
[WhiteTeam "Helios"]
[BlackTeam "Teruel"]
[EventDate "2021.03.13"]

1. g3 d5 2. Bg2 Nf6 3. c4 c6 4. Nf3 Bf5 5. b3 e6 6. Bb2 Nbd7 7. d3 Bc5 8. 0-0 0-0 
9. Qc2 Qb6 10. h3 Rfe8 11. Nbd2 h6 12. Rac1 Rac8 13. Qb1 e5 14. e4 Bh7 15. Rce1 
Nh5 16. Qa1 Nxg3 17. d4 Nxf1 18. dxc5 Nxc5 19. Rxf1 d4 20. Ne1 Qb4 21. Bc1 Rcd8 
22. Qb1 Qc3 23. Qc2 Qa5 24. a3 Qc3 25. b4 Ne6 26. Qxc3 dxc3 27. Nb1 Rd1 28. Nc2 
Rd3 29. Re1 Red8 30. Bf1 Rf3 31. Kg2 Ng5  1-0

[Event "ARA Cto de Aragon por Equipos Division de Honor Global"]
[Site "Aragon"]
[Date "2021.05.15"]
[Round "8.27"]
[White "Luis Vitalla, Fernando"]
[Black "Cid Royo, Jonathan"]
[Result "0-1"]
[WhiteElo "2123"]
[BlackElo "2176"]
[PlyCount "0"]
[WhiteTeam "Atletismo Huesca"]
[BlackTeam "L'Aurora"]
[EventDate "2021.03.13"]

1. Nf3 d5 2. b3 e6 3. Bb2 Nf6 4. e3 Bd6 5. c4 c6 6. Nc3 Nbd7 7. d4 O-O 8. Bd3
dxc4 9. Bxc4 e5 10. Qc2 exd4 11. Nxd4 Ne5 12. Be2 Re8 13. O-O Qa5 14. Rac1 Bg4
15. Rfd1 Bxe2 16. Ncxe2 Ba3 17. Ng3 Nd5 18. Bxa3 Qxa3 19. Qc5 Qxa2 20. Ra1 Nd3
21. Rxa2 Nxc5 22. Ngf5 Nc3 0-1

[Event "ARA Cto de Aragon por Equipos Division de Honor Global"]
[Site "Aragon"]
[Date "2021.05.15"]
[Round "8.28"]
[White "Cid Royo, Oscar"]
[Black "Salamero Pelay, Fernando"]
[Result "1/2-1/2"]
[WhiteElo "2039"]
[BlackElo "2059"]
[PlyCount "0"]
[WhiteTeam "L'Aurora"]
[BlackTeam "Atletismo Huesca"]
[EventDate "2021.03.13"]

1. d4 g6 2. e4 Bg7 3. Be3 d6 4. c3 b6 5. f3 e6 6. Bd3 Nd7 7. Ne2 Ne7 8. Qd2 h6
9. Na3 Bb7 10. O-O Nf6 11. Rad1 Qd7 12. c4 e5 13. d5 Qd8 14. Bc2 Bc8 15. b4 a5
16. Ba4+ Bd7 17. Bxd7+ Nxd7 18. bxa5 Rxa5 19. Nb5 f5 20. f4 Nf6 21. Nec3 Ng4
22. fxe5 Bxe5 23. Bf4 Bxf4 24. Qxf4 g5 25. Qf3 Ne5 26. Qh5+ Kd7 27. exf5 Qe8
28. Qe2 Rf8 29. f6 Ng8 30. Ne4 Qg6 31. Nd4 Nxf6 32. Ne6 Rf7 33. Nxf6+ Rxf6 34.
Nf8+ Rxf8 35. Rxf8 Rc5 36. Rdf1 Ke7 37. R8f5 Qg7 1/2-1/2

[Event "ARA Cto de Aragon por Equipos Division de Honor Global"]
[Site "Aragon"]
[Date "2021.05.15"]
[Round "8.29"]
[White "Gella Lopez, Angel"]
[Black "Felez Casedas, Carlos"]
[Result "1/2-1/2"]
[WhiteElo "2032"]
[BlackElo "1976"]
[PlyCount "0"]
[WhiteTeam "Atletismo Huesca"]
[BlackTeam "L'Aurora"]
[EventDate "2021.03.13"]

1. d4 d5 2. c4 e6 3. Nf3 Nf6 4. g3 c6 5. Qc2 Ne4 6. Bg2 f5 7. O-O Bd6 8. b3 O-O
9. Ba3 Qe7 10. Bxd6 Qxd6 11. Qb2 Bd7 12. Ne5 Be8 13. f3 Nf6 14. c5 Qe7 15. Nd2
Nbd7 16. Nd3 Bg6 17. Rae1 Rae8 18. e4 fxe4 19. fxe4 Nxe4 20. Rxf8+ Qxf8 21.
Nxe4 dxe4 22. Bxe4 Bxe4 23. Rxe4 e5 24. Qe2 h6 25. Nxe5 Nxe5 26. Rxe5 Rxe5 27.
Qxe5 Qf3 28. h4 a5 29. h5 Kh7 30. Kh2 Kh8 31. Qe8+ Kh7 32. Qg6+ Kh8 33. Qe8+
Kh7 34. Qe5 Kh8 35. Qe8+ 1/2-1/2

[Event "ARA Cto de Aragon por Equipos Division de Honor Global"]
[Site "Aragon"]
[Date "2021.05.15"]
[Round "8.30"]
[White "Fuentes Espuna, Juan Antonio"]
[Black "Laplaza Ara, Carlos"]
[Result "1/2-1/2"]
[WhiteElo "1977"]
[BlackElo "1928"]
[PlyCount "0"]
[WhiteTeam "L'Aurora"]
[BlackTeam "Atletismo Huesca"]
[EventDate "2021.03.13"]

1. d4 d5 2. Nf3 Nf6 3. Bg5 e6 4. e3 Be7 5. Bd3 O-O 6. O-O c5 7. c3 b6 8. Nbd2
Bb7 9. Ne5 Ne4 10. Bxe7 Qxe7 11. f4 f6 12. Nef3 Nxd2 13. Qxd2 Ba6 14. Rae1 Bxd3
15. Qxd3 c4 16. Qd1 f5 17. Rf2 Nd7 18. h3 Nf6 19. Ne5 Ne4 20. Rf3 Qh4 21. Qe2
g6 22. Kh2 Qe7 23. g4 Kh8 24. Rg1 Rg8 25. Qe1 Raf8 26. h4 fxg4 27. Nxg4 Nf6 28.
Ne5 Ne4 29. Rh3 Rf5 30. Rg2 Rh5 31. Nf3 Rf5 32. Qe2 b5 33. Kg1 Rg7 34. Ne5 a6
35. Nf3 1/2-1/2

[Event "Cto de Aragon por Equipos Preferente"]
[Site ""]
[Date "2021.05.15"]
[Round "8.31"]
[White "Antonano Fernandez - Quincoces, Avelino"]
[Black "Millan Martin, Alfonso"]
[Result "0-1"]
[WhiteElo "2044"]
[BlackElo "1940"]
[PlyCount "0"]
[WhiteTeam "MyInvestor Casablanca B"]
[BlackTeam "IberCaja B"]
[EventDate "2021.03.13"]

1. e4 d5 2. exd5 Qxd5 3. Nc3 Qd6 4. Bc4 Nf6 5. d3 a6 6. a4 Nc6 7. Nge2 Bg4 8.
f3 Bh5 9. Be3 e6 10. O-O Nb4 11. Qd2 Nbd5 12. Bxd5 exd5 13. Rfe1 O-O-O 14. a5
Bg6 15. Ra4 Qd7 16. b4 Bd6 17. Rb1 c6 18. Bb6 Bc7 19. Nd4 Qd6 20. Bxc7 Qxc7 21.
b5 cxb5 22. Ncxb5 Qc5 23. Rb3 Kb8 24. Rc3 Qe7 25. Rc7 Rd7 26. Rxd7 Qxd7 27. Nc3
Rc8 28. Rb4 Qc7 29. Na4 Nd7 30. Rb3 Qd6 31. Qb4 Qxb4 32. Rxb4 Kc7 33. Kf2 Rd8
34. Ke3 Re8+ 35. Kd2 f6 36. Nc3 Bf7 37. Nf5 Ne5 38. Rh4 h5 39. Ne3 g5 40. Ra4
Rd8 41. Ne2 Nc6 42. Nf5 h4 43. Ned4 Bg8 44. Ng7 Nxd4 45. Rxd4 Kc6 46. Nf5 Be6
47. Ne3 Kb5 48. c4+ Kxa5 49. cxd5 Bc8 50. d6 b5 51. Nc2 Kb6 52. Rd5 Bb7 53. Rd4
Kc5 54. d7 a5 55. g3 hxg3 56. hxg3 Bxf3 57. Kc3 Bc6 0-1

[Event "Cto de Aragon por Equipos Preferente"]
[Site ""]
[Date "2021.05.15"]
[Round "8.32"]
[White "Garcia Monterde, Francisco Jose"]
[Black "Cebollada Pacheco, Jesus Raul"]
[Result "0-1"]
[WhiteElo "1850"]
[BlackElo "1970"]
[PlyCount "0"]
[WhiteTeam "IberCaja B"]
[BlackTeam "MyInvestor Casablanca B"]
[EventDate "2021.03.13"]

1. Nf3 g6 2. g3 Bg7 3. Bg2 c5 4. c4 Nc6 5. Nc3 Nf6 6. d4 cxd4 7. Nxd4 Qb6 8.
Nb3 O-O 9. c5 Qd8 10. O-O b6 11. cxb6 Qxb6 12. Be3 Qc7 13. h3 Rb8 14. Rc1 Bb7
15. Nb5 Qd8 16. Nxa7 Nxa7 17. Bxa7 Bxg2 18. Kxg2 Rxb3 19. Qxb3 Qa8+ 20. f3 Qxa7
21. a4 Rb8 22. Qa3 Nd5 23. Kh2 Ne3 24. Rg1 Bxb2 25. Qc5 Qxc5 26. Rxc5 Ra8 27.
a5 Ra6 28. Rb1 Bd4 29. Rcb5 d6 30. R1b3 h5 31. R5b4 e5 32. Rb5 Kg7 33. g4 hxg4
34. hxg4 Kf6 35. Kg3 Ke6 36. f4 f5 37. gxf5+ Nxf5+ 38. Kg4 Bc5 39. Rd3 Nd4 40.
Rb2 Rxa5 41. fxe5 Kxe5 42. Kg5 Ne6+ 43. Kg4 Ra4+ 44. Kg3 Re4 45. Rbd2 Nf4 46.
Rf3 Nxe2+ 47. Kg2 Nf4+ 48. Kg3 g5 49. Kg4 Ne6+ 50. Kg3 Be3 51. Ra2 Bf4+ 52. Kg4
d5 53. Kh3 Be3 54. Rf7 Rh4+ 55. Kg3 Bf4+ 56. Kf3 g4+ 0-1

[Event "Cto de Aragon por Equipos Preferente"]
[Site ""]
[Date "2021.05.15"]
[Round "8.33"]
[White "Sanjulian Arruga, Pablo"]
[Black "Garcia Acin, Pablo"]
[Result "1/2-1/2"]
[WhiteElo "1902"]
[BlackElo "1623"]
[PlyCount "0"]
[WhiteTeam "MyInvestor Casablanca B"]
[BlackTeam "IberCaja B"]
[EventDate "2021.03.13"]

1. c4 c5 2. Nf3 Nc6 3. Nc3 g6 4. d4 cxd4 5. Nxd4 Bg7 6. Nc2 d6 7. e4 Bd7 8. Be2
Rc8 9. O-O Nf6 10. Ne3 a6 11. Rb1 Be6 12. b3 Nd7 13. Ncd5 Nc5 14. f3 a5 15. a3
Bxd5 16. exd5 Nd4 17. b4 Nxe2+ 18. Qxe2 axb4 19. axb4 Nd7 20. Kh1 O-O 21. f4 e6
22. Bb2 Bxb2 23. Rxb2 Nb6 24. dxe6 fxe6 25. Ng4 Qd7 26. c5 Nd5 27. Qd2 Qb5 28.
Rbb1 dxc5 29. bxc5 Qxc5 30. Rxb7 Rxf4 31. Nh6+ Kh8 32. Re1 Rcf8 33. Qe2 Ne3 34.
Qb2+ e5 35. h3 Rf1+ 36. Rxf1 Rxf1+ 37. Kh2 Rf8 38. Nf7+ Kg8 39. Nh6+ Kh8 40.
Nf7+ Kg8 41. Qb3 Nc4 42. Nh6+ Kh8 43. Nf7+ Kg8 44. Nh6+ Kh8 45. Nf7+ Kg8 46.
Nh6+ 1/2-1/2

[Event "Cto de Aragon por Equipos Preferente"]
[Site ""]
[Date "2021.05.15"]
[Round "8.34"]
[White "Mallen Torrijo, Nicolas Jose"]
[Black "Lazaro Abadias, Andres"]
[Result "0-1"]
[WhiteElo "1423"]
[BlackElo "1500"]
[PlyCount "0"]
[WhiteTeam "IberCaja B"]
[BlackTeam "MyInvestor Casablanca B"]
[EventDate "2021.03.13"]

1. c4 c5 2. Nc3 Nf6 3. e4 d6 4. g3 a6 5. Bg2 Nbd7 6. Nge2 Rb8 7. a4 Qa5 8. Rb1
Ne5 9. d3 b5 10. axb5 axb5 11. cxb5 Rxb5 12. O-O Rb8 13. Bg5 Ned7 14. d4 cxd4
15. Bxf6 Nxf6 16. Nxd4 Bb7 17. b4 Qb6 18. Qa4+ Nd7 19. Rfd1 g6 20. Nde2 Bg7 21.
Nd5 Qd8 22. b5 Nb6 23. Nxb6 Qxb6 24. Nf4 O-O 25. Nd5 Bxd5 26. Rxd5 Ra8 27. Qb3
Bd4 28. Rxd4 Qxd4 29. b6 Rfb8 30. e5 Ra1 31. b7 Rxb1+ 32. Qxb1 d5 33. Qc1 Qxe5
34. Qc8+ Kg7 35. Bxd5 Qd6 36. Qc3+ f6 37. Qb3 e5 38. Qc4 Qd7 39. Qb3 Kf8 40.
Qb4+ Ke8 41. Qc5 Kd8 42. Kg2 Rxb7 43. Bxb7 Qxb7+ 44. Kg1 Qe7 45. Qd5+ Qd7 46.
Qg8+ Kc7 47. Qc4+ Kd6 48. Qb4+ Ke6 49. Qc4+ Kf5 50. g4+ Kg5 51. h3 Qd4 52. Qc1+
Qf4 53. Qd1 e4 54. Qd5+ Kh4 55. Qg8 Qh6 56. Qe6 f5 57. Qe5 Qd2 58. Qg3+ Kg5 59.
Qe5 Qc1+ 60. Kg2 Qa3 61. h4+ Kxh4 62. Qh2+ Kxg4 63. Qxh7 Qf3+ 64. Kf1 Qh3+ 0-1